[Event "EU-ch U18"]
[Site "Vejen"]
[Date "1993.??.??"]
[Round "1"]
[White "Babula, Vlastimil"]
[Black "Brancaleoni, Maurizio"]
[Result "1-0"]
[WhiteElo "2395"]
[BlackElo "2195"]
[PlyCount "55"]
[EventDate "1993.??.??"]
[EventType "swiss"]
[EventRounds "11"]
[EventCountry "DEN"]
[Source "ChessBase"]
[SourceDate "1998.11.10"]

1. d4 d5 2. c4 c6 3. Nf3 Nf6 4. Nc3 e6 5. Bg5 h6 6. Bxf6 Qxf6 7. g3 Nd7 8. Bg2
dxc4 9. O-O g6 10. Ne4 Qe7 11. Ne5 Bg7 12. f4 O-O 13. e3 Rb8 14. Qe2 c5 15.
Nxd7 Bxd7 16. Nxc5 b5 17. b3 Rfc8 18. Rac1 cxb3 19. axb3 b4 20. Rf2 e5 21. fxe5
Bxe5 22. Bd5 Be6 23. Bxe6 fxe6 24. Qg4 Kh7 25. Rcf1 Rf8 26. Rxf8 Rxf8 27. Rxf8
Qxf8 28. Nd7 1-0

[Event "EU-ch U18"]
[Site "Vejen"]
[Date "1993.??.??"]
[Round "1"]
[White "Borovikov, Vladislav"]
[Black "Oms Pallisse, Josep"]
[Result "1-0"]
[WhiteElo "2385"]
[BlackElo "2150"]
[PlyCount "91"]
[EventDate "1993.??.??"]
[EventType "swiss"]
[EventRounds "11"]
[EventCountry "DEN"]
[Source "ChessBase"]
[SourceDate "1998.11.10"]

1. d4 e6 2. Nf3 f5 3. g3 Nf6 4. Bg2 Be7 5. O-O O-O 6. c4 c6 7. b3 a5 8. Nc3 d5
9. Bb2 b6 10. Rc1 Bb7 11. e3 Ne4 12. Ne2 Bd6 13. Nf4 Qe7 14. Qc2 Nd7 15. Rfd1
Rac8 16. h4 c5 17. dxc5 Ndxc5 18. Qe2 dxc4 19. bxc4 Na4 20. Ba1 Ba3 21. Rc2
Rfd8 22. Rxd8+ Rxd8 23. Nd4 e5 24. Nxf5 Qd7 25. Nd5 Bxd5 26. cxd5 Qxf5 27. g4
Qxf2+ 28. Qxf2 Nxf2 29. Kxf2 Nc5 30. Ke2 Nd7 31. g5 Bc5 32. Bh3 Nf8 33. e4 Ng6
34. Bf5 Nxh4 35. Be6+ Kh8 36. Bxe5 Ng6 37. Bg3 Be7 38. Bc7 Rf8 39. d6 Bxg5 40.
d7 h5 41. Bf5 Nh4 42. Be6 Ng6 43. Bd6 Rd8 44. Rc8 h4 45. Bc7 Nf8 46. Bf5 1-0

[Event "EU-ch U18"]
[Site "Vejen"]
[Date "1993.??.??"]
[Round "1"]
[White "Hebesberger, Thomas"]
[Black "Papaioannou, Ioannis"]
[Result "0-1"]
[WhiteElo "2175"]
[BlackElo "2385"]
[PlyCount "70"]
[EventDate "1993.??.??"]
[EventType "swiss"]
[EventRounds "11"]
[EventCountry "DEN"]
[Source "ChessBase"]
[SourceDate "1998.11.10"]

1. d4 Nf6 2. Nf3 e6 3. Bg5 c5 4. c3 Qb6 5. Qc2 cxd4 6. Bxf6 gxf6 7. cxd4 Nc6 8.
e3 d5 9. a3 Bd7 10. Nc3 Rc8 11. Bb5 a6 12. Bxc6 Qxc6 13. O-O Bd6 14. Rac1 f5
15. Ne5 Qc7 16. f4 Qd8 17. Qd3 O-O 18. Kh1 f6 19. Nf3 Kh8 20. Rc2 Qb6 21. Rg1
Rg8 22. Nh4 Qb3 23. Rgc1 Rc7 24. Nf3 Rgc8 25. Nd2 Qb6 26. Na2 Rxc2 27. Rxc2
Rxc2 28. Qxc2 e5 29. Nc3 exd4 30. exd4 Qxd4 31. Nf3 Qc4 32. Qd1 Bc6 33. Nd4
Bxf4 34. Nxf5 Be5 35. h3 Qf4 0-1

[Event "EU-ch U18"]
[Site "Vejen"]
[Date "1993.??.??"]
[Round "1"]
[White "Izsak, Gyula"]
[Black "Van Beers, Eddy"]
[Result "1-0"]
[WhiteElo "2385"]
[BlackElo "2175"]
[PlyCount "83"]
[EventDate "1993.??.??"]
[EventType "swiss"]
[EventRounds "11"]
[EventCountry "DEN"]
[Source "ChessBase"]
[SourceDate "1998.11.10"]

1. d4 Nf6 2. c4 c5 3. d5 b5 4. Nf3 e6 5. Bg5 Qa5+ 6. Qd2 Qxd2+ 7. Nfxd2 bxc4 8.
Bxf6 gxf6 9. e4 Na6 10. a3 Rb8 11. Nxc4 f5 12. f3 fxe4 13. fxe4 Nc7 14. Nc3
exd5 15. exd5 Bb7 16. Rd1 Bg7 17. Nd6+ Kf8 18. Bc4 Be5 19. Nce4 Ne8 20. Nf5 d6
21. O-O Bc8 22. b3 Bxf5 23. Rxf5 f6 24. Rdf1 Ke7 25. Rh5 h6 26. Kh1 Ng7 27. Rh3
f5 28. Nf2 Bb2 29. Nd3 Bd4 30. Nf4 Kf7 31. Rhf3 Rhf8 32. Ne2 Bb2 33. g4 Rb7 34.
gxf5 Bxa3 35. Nf4 Bb2 36. f6 Bxf6 37. Ne6 Nxe6 38. Rxf6+ Kg7 39. Rxe6 Rxf1+ 40.
Bxf1 Rd7 41. Bb5 Rb7 42. Bc4 1-0

[Event "EU-ch U18"]
[Site "Vejen"]
[Date "1993.??.??"]
[Round "1"]
[White "Kekelidze, Mikheil"]
[Black "Turner, Matthew"]
[Result "1/2-1/2"]
[WhiteElo "2230"]
[BlackElo "2400"]
[PlyCount "148"]
[EventDate "1993.??.??"]
[EventType "swiss"]
[EventRounds "11"]
[EventCountry "DEN"]
[Source "ChessBase"]
[SourceDate "1998.11.10"]

1. Nf3 Nf6 2. c4 c5 3. Nc3 Nc6 4. d4 cxd4 5. Nxd4 g6 6. e4 Nxd4 7. Qxd4 d6 8.
Be2 Bg7 9. Bg5 O-O 10. Qd2 Be6 11. O-O a6 12. b3 b5 13. e5 dxe5 14. cxb5 axb5
15. Qxd8 Rfxd8 16. Bxb5 h6 17. Be3 Ng4 18. Bc5 Rdc8 19. b4 e4 20. Rac1 Bxc3 21.
Rxc3 Rxa2 22. Rfc1 Nf6 23. Bc4 Bxc4 24. Rxc4 Nd5 25. Rxe4 Nxb4 26. Rxb4 Rxc5
27. Rf1 Kg7 28. g3 Rcc2 29. Re4 Re2 30. Rxe2 Rxe2 31. Kg2 f5 32. Kf3 Ra2 33. h4
Ra3+ 34. Kg2 Kf6 35. Rb1 g5 36. hxg5+ hxg5 37. Rb6+ e6 38. Rb4 g4 39. Rc4 Ra1
40. Rb4 e5 41. Rb6+ Kg5 42. Rb5 Re1 43. Ra5 Re4 44. Rb5 Re1 45. Ra5 e4 46. Ra6
e3 47. fxe3 Rxe3 48. Rb6 Re2+ 49. Kf1 Rh2 50. Kg1 Rh6 51. Rb4 Rd6 52. Kf2 Rd2+
53. Kf1 Kf6 54. Rb5 Ke6 55. Ra5 Rd5 56. Ra8 Rb5 57. Re8+ Kd5 58. Kf2 Rb6 59.
Rd8+ Ke5 60. Re8+ Re6 61. Ra8 Rd6 62. Re8+ Kd4 63. Re7 Rd8 64. Rf7 Ke5 65. Re7+
Kf6 66. Re2 Rd3 67. Re8 Rd2+ 68. Kf1 Ra2 69. Kg1 Ra3 70. Kf2 Rd3 71. Re2 Rd8
72. Kg2 Rd4 73. Kf2 Rd7 74. Kg2 Rd6 1/2-1/2

[Event "EU-ch U18"]
[Site "Vejen"]
[Date "1993.??.??"]
[Round "1"]
[White "Liiva, Riho"]
[Black "Skrebnevskis, Romanas"]
[Result "1-0"]
[WhiteElo "2360"]
[BlackElo "2105"]
[PlyCount "37"]
[EventDate "1993.??.??"]
[EventType "swiss"]
[EventRounds "11"]
[EventCountry "DEN"]
[Source "ChessBase"]
[SourceDate "1998.11.10"]

1. e4 e5 2. Nc3 Nf6 3. Bc4 Nxe4 4. Qh5 Nd6 5. Bb3 Be7 6. Nf3 O-O 7. h4 Nc6 8.
Ng5 h6 9. Qg6 Bxg5 10. hxg5 Qxg5 11. Qxg5 hxg5 12. Nd5 Nf5 13. d3 Nfd4 14. Bxg5
Ne6 15. Nf6+ gxf6 16. Bxf6 Ng7 17. Kd2 Re8 18. Rh6 Ne7 19. Rh8+ 1-0

[Event "EU-ch U18"]
[Site "Vejen"]
[Date "1993.??.??"]
[Round "1"]
[White "Maiwald, Jens Uwe"]
[Black "Nilssen, John Arni"]
[Result "1-0"]
[WhiteElo "2430"]
[BlackElo "2265"]
[PlyCount "69"]
[EventDate "1993.??.??"]
[EventType "swiss"]
[EventRounds "11"]
[EventCountry "DEN"]
[Source "ChessBase"]
[SourceDate "1998.11.10"]

1. d4 Nf6 2. Nf3 e6 3. g3 b6 4. Bg2 Bb7 5. O-O Be7 6. c4 O-O 7. b3 c5 8. Bb2 d6
9. Nc3 Nbd7 10. d5 exd5 11. cxd5 Re8 12. e4 Bf8 13. Qc2 b5 14. Nd2 Qb6 15. a4
a6 16. h3 Ne5 17. Ne2 Rac8 18. f4 Ned7 19. Rf2 c4 20. Bd4 cxb3 21. Qxc8 Rxc8
22. Bxb6 Nxb6 23. Nxb3 Nxa4 24. Ned4 Rc3 25. g4 Nd7 26. Rc2 Rxc2 27. Nxc2 Be7
28. Na5 Bc8 29. Nc6 Bf6 30. e5 dxe5 31. g5 Kf8 32. gxf6 gxf6 33. Rf1 Nc3 34.
fxe5 fxe5 35. d6 1-0

[Event "EU-ch U18"]
[Site "Vejen"]
[Date "1993.??.??"]
[Round "1"]
[White "Masserey, Yvan"]
[Black "Bauer, Christian"]
[Result "0-1"]
[WhiteElo "2320"]
[BlackElo "2485"]
[PlyCount "80"]
[EventDate "1993.??.??"]
[EventType "swiss"]
[EventRounds "11"]
[EventCountry "DEN"]
[Source "ChessBase"]
[SourceDate "1998.11.10"]

1. e4 e6 2. d4 d5 3. e5 Bd7 4. Nf3 a6 5. Nc3 Bb4 6. a3 Bxc3+ 7. bxc3 Bb5 8. Bd3
Qd7 9. Rb1 Ne7 10. O-O Nbc6 11. Ng5 h6 12. Nh3 Ng6 13. Re1 Nce7 14. Nf4 Nxf4
15. Bxf4 Ng6 16. Bd2 Rc8 17. Qg4 Bxd3 18. cxd3 b6 19. Qd1 O-O 20. Re3 f5 21.
exf6 Rxf6 22. Qg4 Qf7 23. Re2 Rf8 24. f3 Ne7 25. Rbe1 Rg6 26. Qh3 Qxf3 27. Qxf3
Rxf3 28. Rxe6 Rxd3 29. R6e2 Nf5 30. Kf1 Nd6 31. Rc1 Nc4 32. Bf4 Rf6 33. Rf2
Nd2+ 34. Ke2 Ne4 35. Kxd3 Nxf2+ 36. Ke3 Rxf4 37. Rf1 Re4+ 38. Kxf2 Rf4+ 39. Ke2
Rxf1 40. Kxf1 Kf7 0-1

[Event "EU-ch U18"]
[Site "Vejen"]
[Date "1993.??.??"]
[Round "1"]
[White "Peart, Alan"]
[Black "Kempinski, Robert"]
[Result "0-1"]
[WhiteElo "2115"]
[BlackElo "2370"]
[PlyCount "50"]
[EventDate "1993.??.??"]
[EventType "swiss"]
[EventRounds "11"]
[EventCountry "DEN"]
[Source "ChessBase"]
[SourceDate "1998.11.10"]

1. e4 c5 2. c3 d6 3. d4 Nf6 4. f3 cxd4 5. cxd4 g6 6. Be3 Bg7 7. Nc3 O-O 8. Qd2
Nc6 9. O-O-O Bd7 10. Nge2 Qa5 11. Kb1 b5 12. Nc1 b4 13. N3e2 Rfc8 14. g4 Qc7
15. g5 Ne8 16. h4 e5 17. dxe5 Nxe5 18. Nd4 d5 19. exd5 Nc4 20. Bxc4 Qxc4 21. h5
Qxd5 22. hxg6 hxg6 23. Qh2 Qc4 24. Nce2 b3 25. axb3 Bf5+ 0-1

[Event "EU-ch U18"]
[Site "Vejen"]
[Date "1993.??.??"]
[Round "1"]
[White "Savko, Alexei"]
[Black "Silva, Paulo"]
[Result "1-0"]
[WhiteElo "2340"]
[BlackElo "1950"]
[PlyCount "35"]
[EventDate "1993.??.??"]
[EventType "swiss"]
[EventRounds "11"]
[EventCountry "DEN"]
[Source "ChessBase"]
[SourceDate "1998.11.10"]

1. e4 e5 2. Nf3 Nf6 3. Nxe5 d6 4. Nxf7 Kxf7 5. d4 Be7 6. Nc3 Re8 7. Bc4+ Kf8 8.
O-O Nc6 9. Be3 Bg4 10. f3 Bh5 11. g4 Bf7 12. Bxf7 Kxf7 13. g5 Nd7 14. f4 Kg8
15. Qg4 Nb6 16. f5 Nc4 17. f6 Kh8 18. g6 1-0

[Event "EU-ch U18"]
[Site "Vejen"]
[Date "1993.??.??"]
[Round "1"]
[White "Tratar, Marko"]
[Black "Danielian, Oganes"]
[Result "1/2-1/2"]
[WhiteElo "2290"]
[BlackElo "2460"]
[PlyCount "36"]
[EventDate "1993.??.??"]
[EventType "swiss"]
[EventRounds "11"]
[EventCountry "DEN"]
[Source "ChessBase"]
[SourceDate "1998.11.10"]

1. d4 e6 2. Nf3 d5 3. g3 Nf6 4. Bg2 Be7 5. O-O O-O 6. c4 dxc4 7. Ne5 Nc6 8.
Nxc6 bxc6 9. Bxc6 Rb8 10. Nc3 Bb7 11. Bxb7 Rxb7 12. e3 c5 13. dxc5 Qc7 14. Rb1
Qxc5 15. Qe2 Qc6 16. Rd1 Bb4 17. Bd2 Rfb8 18. b3 cxb3 1/2-1/2

[Event "EU-ch U18"]
[Site "Vejen"]
[Date "1993.??.??"]
[Round "2"]
[White "Aagaard, Jacob"]
[Black "Skrebnevskis, Romanas"]
[Result "1-0"]
[WhiteElo "2255"]
[BlackElo "2105"]
[PlyCount "51"]
[EventDate "1993.??.??"]
[EventType "swiss"]
[EventRounds "11"]
[EventCountry "DEN"]
[Source "ChessBase"]
[SourceDate "1998.11.10"]

1. d4 Nf6 2. c4 e6 3. Nf3 c5 4. d5 b5 5. Bg5 exd5 6. cxd5 h6 7. Bxf6 Qxf6 8.
Nc3 a6 9. e4 d6 10. a4 b4 11. e5 dxe5 12. Ne4 Qf4 13. Nfd2 Nd7 14. g3 Qf5 15.
Bd3 Qh3 16. Bf1 Qf5 17. Bd3 Qh3 18. Qf3 Nb6 19. a5 Bg4 20. Nf6+ gxf6 21. Qxf6
Nd7 22. Qxh8 O-O-O 23. Qh7 f5 24. Qg6 Nf6 25. Qxf6 Bd6 26. f3 1-0

[Event "EU-ch U18"]
[Site "Vejen"]
[Date "1993.??.??"]
[Round "2"]
[White "Bauer, Christian"]
[Black "Papaioannou, Ioannis"]
[Result "1/2-1/2"]
[WhiteElo "2485"]
[BlackElo "2385"]
[PlyCount "36"]
[EventDate "1993.??.??"]
[EventType "swiss"]
[EventRounds "11"]
[EventCountry "DEN"]
[Source "ChessBase"]
[SourceDate "1998.11.10"]

1. e4 c6 2. d4 d5 3. exd5 cxd5 4. c4 Nf6 5. Nc3 e6 6. Nf3 Bb4 7. cxd5 Nxd5 8.
Qc2 Nc6 9. Bd3 Nf6 10. O-O Be7 11. a3 O-O 12. Rd1 Bd7 13. Be3 Qa5 14. b4 Qh5
15. Ne2 Bd6 16. Nf4 Bxf4 17. Bxf4 Rfc8 18. Qd2 Nd5 1/2-1/2

[Event "EU-ch U18"]
[Site "Vejen"]
[Date "1993.??.??"]
[Round "2"]
[White "Georgiev, Vladimir"]
[Black "Vedder, Henk"]
[Result "1-0"]
[WhiteElo "2430"]
[BlackElo "2385"]
[PlyCount "75"]
[EventDate "1993.??.??"]
[EventType "swiss"]
[EventRounds "11"]
[EventCountry "DEN"]
[Source "ChessBase"]
[SourceDate "1998.11.10"]

1. e4 e6 2. d4 d5 3. Nc3 Nf6 4. e5 Nfd7 5. f4 c5 6. Nf3 Nc6 7. Be3 cxd4 8. Nxd4
Bc5 9. Qd2 a6 10. O-O-O O-O 11. g4 Nxd4 12. Bxd4 b5 13. Bg2 Bb7 14. Ne2 Qc7 15.
Rhe1 Rac8 16. Kb1 Rfd8 17. h4 Bf8 18. f5 Nc5 19. Nf4 Qc6 20. Bh3 Rc7 21. f6 Ne4
22. Qh2 gxf6 23. Nh5 Rdc8 24. Re2 b4 25. Nxf6+ Nxf6 26. exf6 a5 27. Be5 Ba6 28.
Rg2 Rb7 29. g5 a4 30. b3 axb3 31. axb3 Ra8 32. h5 Bb5 33. Qf4 Rba7 34. g6 Qa6
35. Kc1 Bd6 36. gxh7+ Kh8 37. Qg5 Qa3+ 38. Kd2 1-0

[Event "EU-ch U18"]
[Site "Vejen"]
[Date "1993.??.??"]
[Round "2"]
[White "Guliev, Logman"]
[Black "Huberty, Marc"]
[Result "1-0"]
[WhiteElo "2315"]
[BlackElo "2130"]
[PlyCount "49"]
[EventDate "1993.??.??"]
[EventType "swiss"]
[EventRounds "11"]
[EventCountry "DEN"]
[Source "ChessBase"]
[SourceDate "1998.11.10"]

1. e4 c5 2. Nf3 d6 3. d4 cxd4 4. Nxd4 Nf6 5. Nc3 g6 6. Be3 Bg7 7. f3 Nc6 8. Qd2
O-O 9. Bc4 Bd7 10. h4 Rc8 11. Bb3 Ne5 12. O-O-O Nc4 13. Bxc4 Rxc4 14. h5 Nxh5
15. g4 Nf6 16. Qh2 Rxc3 17. bxc3 Qa5 18. Nb3 Qa3+ 19. Kb1 Rc8 20. e5 dxe5 21.
Rxd7 Nxd7 22. Qxh7+ Kf8 23. Bh6 Ke8 24. Qxg7 Nf6 25. Rd1 1-0

[Event "EU-ch U18"]
[Site "Vejen"]
[Date "1993.??.??"]
[Round "2"]
[White "Kempinski, Robert"]
[Black "Oratovsky, Michael"]
[Result "0-1"]
[WhiteElo "2370"]
[BlackElo "2420"]
[PlyCount "92"]
[EventDate "1993.??.??"]
[EventType "swiss"]
[EventRounds "11"]
[EventCountry "DEN"]
[Source "ChessBase"]
[SourceDate "1998.11.10"]

1. Nf3 d6 2. d4 g6 3. c4 Bg7 4. Nc3 Nd7 5. e3 Ngf6 6. Be2 O-O 7. b4 a5 8. b5 e5
9. Bb2 exd4 10. exd4 Nb6 11. O-O Be6 12. Qb3 a4 13. Qb4 c5 14. bxc6 bxc6 15.
Ba3 c5 16. dxc5 dxc5 17. Qxc5 Nfd7 18. Qb4 Rc8 19. Rad1 Bxc4 20. Bd3 Bxd3 21.
Rxd3 Rxc3 22. Rxc3 Nd5 23. Qc4 Nxc3 24. Bxf8 Nxf8 25. Rc1 h6 26. h3 Qf6 27. Rc2
Ne6 28. Kf1 Nf4 29. Rxc3 Qxc3 30. Qxf4 Qa1+ 31. Ne1 Bc3 32. Qe3 Bxe1 33. Qxe1
Qxa2 34. Qe8+ Kh7 35. g4 a3 36. Qe7 Qc4+ 37. Kg2 a2 38. Qa7 Qb3 39. h4 Kg7 40.
Qd4+ Kg8 41. h5 g5 42. Qd8+ Kh7 43. Qf6 Qe6 44. Qd4 Qa6 45. Qa1 Qb7+ 46. Kh2
Qb1 0-1

[Event "EU-ch U18"]
[Site "Vejen"]
[Date "1993.??.??"]
[Round "2"]
[White "Liiva, Riho"]
[Black "Babula, Vlastimil"]
[Result "1-0"]
[WhiteElo "2360"]
[BlackElo "2395"]
[PlyCount "77"]
[EventDate "1993.??.??"]
[EventType "swiss"]
[EventRounds "11"]
[EventCountry "DEN"]
[Source "ChessBase"]
[SourceDate "1998.11.10"]

1. e4 c5 2. Nc3 Nc6 3. g3 g6 4. Bg2 Bg7 5. d3 d6 6. f4 f5 7. exf5 Bxf5 8. Nf3
Nf6 9. h3 Qd7 10. Be3 Be6 11. Ng5 Bg8 12. O-O h6 13. Nge4 Be6 14. Kh2 Nd5 15.
Nxd5 Bxd5 16. Nf6+ Bxf6 17. Bxd5 e6 18. Bb3 O-O-O 19. Qg4 Rde8 20. c3 Rhg8 21.
Rae1 Na5 22. Bc2 Qb5 23. Bc1 h5 24. Qf3 d5 25. Qd1 Qd7 26. d4 cxd4 27. cxd4 Nc6
28. Be3 Qd6 29. Qd2 Qb4 30. Qxb4 Nxb4 31. Bb1 Nc6 32. Rd1 Kd7 33. Kg2 Kd6 34.
g4 hxg4 35. hxg4 g5 36. Kg3 gxf4+ 37. Bxf4+ Kd7 38. Be3 Ref8 39. Bh7 1-0

[Event "EU-ch U18"]
[Site "Vejen"]
[Date "1993.??.??"]
[Round "2"]
[White "Nilssen, John Arni"]
[Black "Lassila, Erkki"]
[Result "1-0"]
[WhiteElo "2265"]
[BlackElo "2115"]
[PlyCount "61"]
[EventDate "1993.??.??"]
[EventType "swiss"]
[EventRounds "11"]
[EventCountry "DEN"]
[Source "ChessBase"]
[SourceDate "1998.11.10"]

1. d4 d5 2. c4 e6 3. Nc3 Nf6 4. cxd5 exd5 5. Bg5 Nbd7 6. e3 Be7 7. Bd3 O-O 8.
Qc2 c6 9. Nf3 Re8 10. h3 Nf8 11. O-O-O a5 12. g4 a4 13. Nxa4 Qa5 14. Nc3 b5 15.
Bxf6 Bxf6 16. g5 Be7 17. Ne5 Bb7 18. Rdg1 g6 19. Qe2 Ne6 20. Qf3 Nd8 21. h4 b4
22. h5 Bc8 23. hxg6 fxg6 24. Rxh7 bxc3 25. Rgh1 cxb2+ 26. Kd1 b1=Q+ 27. Bxb1
Qa4+ 28. Bc2 Qxc2+ 29. Kxc2 Rxa2+ 30. Kb1 Bf5+ 31. Qxf5 1-0

[Event "EU-ch U18"]
[Site "Vejen"]
[Date "1993.??.??"]
[Round "2"]
[White "Pedersen, Steffen"]
[Black "Savko, Alexei"]
[Result "1/2-1/2"]
[WhiteElo "2385"]
[BlackElo "2340"]
[PlyCount "41"]
[EventDate "1993.??.??"]
[EventType "swiss"]
[EventRounds "11"]
[EventCountry "DEN"]
[Source "ChessBase"]
[SourceDate "1998.11.10"]

1. d4 Nf6 2. c4 c6 3. Nc3 d5 4. e3 g6 5. Nf3 Bg7 6. Bd3 O-O 7. O-O Bg4 8. h3
Bxf3 9. Qxf3 Qd6 10. Rd1 Nbd7 11. Qe2 e5 12. cxd5 cxd5 13. dxe5 Qxe5 14. Bd2
Nc5 15. Bc2 Rfd8 16. Rac1 Rac8 17. Be1 Nfe4 18. Bb1 a6 19. Qf3 Ng5 20. Qg4 h5
21. Qe2 1/2-1/2

[Event "EU-ch U18"]
[Site "Vejen"]
[Date "1993.??.??"]
[Round "2"]
[White "Roberts, Paul"]
[Black "Kekelidze, Mikheil"]
[Result "0-1"]
[WhiteElo "2195"]
[BlackElo "2230"]
[PlyCount "70"]
[EventDate "1993.??.??"]
[EventType "swiss"]
[EventRounds "11"]
[EventCountry "DEN"]
[Source "ChessBase"]
[SourceDate "1998.11.10"]

1. e4 e5 2. Nf3 d6 3. d4 exd4 4. Nxd4 Be7 5. Nc3 Nf6 6. Bd3 O-O 7. O-O Nc6 8.
Nxc6 bxc6 9. f4 d5 10. e5 Ng4 11. Qe2 f6 12. Na4 fxe5 13. fxe5 Rxf1+ 14. Qxf1
Nxe5 15. Bf4 Bd6 16. Bg3 Bd7 17. Re1 Qg5 18. Bf4 Qf6 19. Bxe5 Bxe5 20. Qxf6
Bxf6 21. c3 Re8 22. Rxe8+ Bxe8 23. Kf2 Kf7 24. Ke3 h6 25. Bf5 Ke7 26. h3 Kd6
27. b4 Ke5 28. Bd3 Bg5+ 29. Kf3 d4 30. c4 Bd2 31. b5 cxb5 32. cxb5 a6 33. b6
Bc6+ 34. Kg3 Be1+ 35. Kg4 Bxa4 0-1

[Event "EU-ch U18"]
[Site "Vejen"]
[Date "1993.??.??"]
[Round "2"]
[White "Rogozenco, Dorian"]
[Black "Antonsen, Mikkel"]
[Result "1/2-1/2"]
[WhiteElo "2500"]
[BlackElo "2385"]
[PlyCount "104"]
[EventDate "1993.??.??"]
[EventType "swiss"]
[EventRounds "11"]
[EventCountry "DEN"]
[Source "ChessBase"]
[SourceDate "1998.11.10"]

1. d4 Nf6 2. c4 g6 3. Nc3 Bg7 4. e4 d6 5. f3 O-O 6. Be3 c5 7. dxc5 dxc5 8. Qxd8
Rxd8 9. Bxc5 Nc6 10. Ba3 a5 11. Rd1 Be6 12. Nd5 Nb4 13. Nxe7+ Kh8 14. Nd5 Nc2+
15. Kf2 Nxa3 16. bxa3 b5 17. Nh3 Rac8 18. cxb5 Nxd5 19. exd5 Rxd5 20. Rxd5 Bxd5
21. Bd3 Bxa2 22. Re1 Bd4+ 23. Ke2 Rc3 24. Nf4 Rxa3 25. Rc1 Bb3 26. Rc8+ Kg7 27.
Bc4 Bg1 28. Nd5 Bxc4+ 29. Rxc4 Rb3 30. Nc3 Rb2+ 31. Kd3 Rxg2 32. Ne2 Bxh2 33.
b6 Rg5 34. Nd4 Rd5 35. Ke4 Rd7 36. Kd3 Rd5 37. Ke4 Re5+ 38. Kd3 Re7 39. Rc6 Rb7
40. Kc4 Bg1 41. Ne6+ Kh6 42. Nc5 Bxc5 43. Kxc5 f5 44. Rc7 Rb8 45. f4 g5 46.
fxg5+ Kg6 47. b7 f4 48. Kb6 f3 49. Rc3 Kxg5 50. Rxf3 h5 51. Ka7 Rxb7+ 52. Kxb7
Kg4 1/2-1/2

[Event "EU-ch U18"]
[Site "Vejen"]
[Date "1993.??.??"]
[Round "3"]
[White "Aleksandrov, Aleksej"]
[Black "Turner, Matthew"]
[Result "1-0"]
[WhiteElo "2530"]
[BlackElo "2400"]
[PlyCount "71"]
[EventDate "1993.??.??"]
[EventType "swiss"]
[EventRounds "11"]
[EventCountry "DEN"]
[Source "ChessBase"]
[SourceDate "1998.11.10"]

1. d4 Nf6 2. c4 g6 3. Nc3 Bg7 4. e4 d6 5. Bd3 Nbd7 6. Nge2 O-O 7. O-O c5 8. h3
cxd4 9. Nxd4 Nc5 10. Bc2 Qb6 11. Re1 Be6 12. b3 Bd7 13. Be3 Qd8 14. Rc1 a6 15.
b4 Ne6 16. Nde2 a5 17. a3 axb4 18. axb4 Ra3 19. Qd2 Qb8 20. Nd5 Re8 21. Bb1 Bc6
22. Nec3 Nd7 23. f4 Nef8 24. Bf2 e6 25. Ne3 Nb6 26. Ne2 f5 27. exf5 exf5 28.
Nxf5 Nxc4 29. Rxc4 gxf5 30. Bxf5 Kh8 31. Rcc1 Qd8 32. Nd4 Rxe1+ 33. Rxe1 Qf6
34. Bg4 Ra8 35. b5 Bd5 36. Nf5 1-0

[Event "EU-ch U18"]
[Site "Vejen"]
[Date "1993.??.??"]
[Round "3"]
[White "Antonsen, Mikkel"]
[Black "Bauer, Christian"]
[Result "0-1"]
[WhiteElo "2385"]
[BlackElo "2485"]
[PlyCount "120"]
[EventDate "1993.??.??"]
[EventType "swiss"]
[EventRounds "11"]
[EventCountry "DEN"]
[Source "ChessBase"]
[SourceDate "1998.11.10"]

1. e4 e6 2. d4 d5 3. exd5 exd5 4. Nf3 Bd6 5. c4 dxc4 6. Bxc4 Nf6 7. O-O O-O 8.
Bg5 Nc6 9. Nc3 h6 10. Bh4 Bg4 11. Bd5 Be7 12. Bxc6 bxc6 13. Re1 Rb8 14. h3 Bxf3
15. Qxf3 Rxb2 16. Rad1 Nd5 17. Bxe7 Nxe7 18. Re2 Rxe2 19. Qxe2 Nd5 20. Qc4 Qd6
21. Rc1 Nb6 22. Qc5 Rd8 23. Ne2 Re8 24. Ng3 Qxc5 25. Rxc5 Re6 26. f3 Kf8 27.
Ra5 Nc8 28. Kf2 g6 29. Ne4 Ke7 30. Nc5 Rd6 31. Ke3 Rd5 32. Ra6 Nd6 33. Rxc6
Nf5+ 34. Kf2 Nxd4 35. Rxc7+ Kd6 36. Na6 Ra5 37. Rxa7 Rxa2+ 38. Kg3 Nc6 39. Ra8
Ra5 40. h4 h5 41. Kf4 Nb4 42. Ra7 Nxa6 43. Rxf7 Ke6 44. Rb7 Nc5 45. Rb6+ Kf7
46. g4 Ne6+ 47. Ke4 Kf6 48. g5+ Kf7 49. Rb7+ Kg8 50. Rb6 Ra4+ 51. Ke3 Nf8 52.
f4 Ra3+ 53. Kf2 Rh3 54. f5 Rxh4 55. fxg6 Kg7 56. Kg3 Rg4+ 57. Kh3 Rxg5 58. Rb7+
Kxg6 59. Rb6+ Kg7 60. Rb7+ Kh6 0-1

[Event "EU-ch U18"]
[Site "Vejen"]
[Date "1993.??.??"]
[Round "3"]
[White "Brancaleoni, Maurizio"]
[Black "Fyllingen, Roy Harald"]
[Result "0-1"]
[WhiteElo "2195"]
[BlackElo "2330"]
[PlyCount "76"]
[EventDate "1993.??.??"]
[EventType "swiss"]
[EventRounds "11"]
[EventCountry "DEN"]
[Source "ChessBase"]
[SourceDate "1998.11.10"]

1. d4 Nf6 2. c4 e6 3. Nc3 Bb4 4. Qc2 O-O 5. a3 Bxc3+ 6. Qxc3 b6 7. g3 Bb7 8.
Nf3 d6 9. Bh3 Nbd7 10. O-O Ne4 11. Qe3 c5 12. b3 Qe7 13. Bb2 f5 14. d5 exd5 15.
cxd5 Bxd5 16. Rad1 Be6 17. Qd3 Rad8 18. Ne1 Qf7 19. b4 Bc4 20. Qe3 Rde8 21. Nd3
Nc3 22. Bxc3 Rxe3 23. fxe3 Qe6 24. Rf3 g5 25. e4 Qxe4 26. Bg2 Qxe2 27. Re1 Qc2
28. Rc1 Qa2 29. Re1 Bd5 30. Rf2 Qc4 31. Bxd5+ Qxd5 32. Re7 Qxd3 33. Ba1 Rf7 34.
Re8+ Rf8 35. Re7 Rf7 36. Re8+ Nf8 37. Rfe2 Qxa3 38. Bb2 Qxb4 0-1

[Event "EU-ch U18"]
[Site "Vejen"]
[Date "1993.??.??"]
[Round "3"]
[White "Ceteras, Marius"]
[Black "Aagaard, Jacob"]
[Result "1-0"]
[WhiteElo "2330"]
[BlackElo "2255"]
[PlyCount "61"]
[EventDate "1993.??.??"]
[EventType "swiss"]
[EventRounds "11"]
[EventCountry "DEN"]
[Source "ChessBase"]
[SourceDate "1998.11.10"]

1. d4 Nf6 2. c4 g6 3. Nc3 Bg7 4. e4 d6 5. f3 O-O 6. Be3 e5 7. Nge2 c6 8. Qd2
Nbd7 9. O-O-O a6 10. Kb1 b5 11. Nc1 exd4 12. Bxd4 Re8 13. Bf2 Ne5 14. Qxd6 Nfd7
15. Nb3 Bf8 16. Qd2 Qc7 17. Qc2 Qb7 18. Be2 Rb8 19. c5 a5 20. f4 Nc4 21. Bxc4
bxc4 22. Nd2 Nxc5 23. Bxc5 Bxc5 24. Nxc4 Bg4 25. Rd2 Qb4 26. Ne5 Bd4 27. Rxd4
Qxd4 28. Nxg4 f5 29. Rd1 Qg7 30. exf5 gxf5 31. Ne5 1-0

[Event "EU-ch U18"]
[Site "Vejen"]
[Date "1993.??.??"]
[Round "3"]
[White "Danielian, Oganes"]
[Black "Borovikov, Vladislav"]
[Result "1/2-1/2"]
[WhiteElo "2460"]
[BlackElo "2385"]
[PlyCount "103"]
[EventDate "1993.??.??"]
[EventType "swiss"]
[EventRounds "11"]
[EventCountry "DEN"]
[Source "ChessBase"]
[SourceDate "1998.11.10"]

1. d4 d5 2. c4 e6 3. Nc3 c6 4. e4 dxe4 5. Nxe4 Bb4+ 6. Bd2 Qxd4 7. Bxb4 Qxe4+
8. Be2 Na6 9. Bc3 Ne7 10. Bxg7 Rg8 11. Bf6 Qf4 12. Bxe7 Kxe7 13. g3 Qe4 14. Nf3
b6 15. Qd4 Qxd4 16. Nxd4 Bd7 17. Bf3 Rac8 18. O-O-O e5 19. Rhe1 f6 20. Bg2 Kf8
21. Nc2 Be6 22. Ne3 Ke7 23. f4 Rgd8 24. Be4 Nc5 25. Bc2 Rxd1+ 26. Rxd1 a5 27.
b3 h5 28. f5 Bf7 29. Kb2 Nb7 30. Be4 Nd6 31. Bf3 c5 32. Bd5 Rd8 33. Bxf7 Kxf7
34. a3 Kg7 35. Kc2 Kh6 36. Rd3 h4 37. gxh4 Kh5 38. Nd5 Rf8 39. Ne7 Nf7 40. Ng6
Rd8 41. Rxd8 Nxd8 42. Kd3 Nf7 43. Ne7 Kg4 44. Ng8 Kxf5 45. h5 Ng5 46. Ne7+ Kg4
47. h6 Kf3 48. Nf5 e4+ 49. Kd2 Kf4 50. Ne7 f5 51. Ke2 Nh7 52. Nd5+ 1/2-1/2